Responses for Show #8919 - Thursday, July 20, 2023

Contestants

[<< previous game]

Toula Ballas, a publishing consultant from New York, New York

Nik Berry, a social studies teacher from Baltimore, Maryland

David Bederman, an attorney from Los Angeles, California (whose 2-day cash winnings total $52,802)

[next game >>]

Jeopardy! Round responses

A BY-THE-BOOK HOW TO
COFFEE, NOW
SPIDERS & SNAKES
CROSSWORD CLUES "W"
YOU'VE GOT SOME BAGGAGE
JOHN LENNON
    $200 20
the Fight Club

Toula
    $200 30
(David: Uh, what is cold brew?)

decaf

David
Triple Stumper
    $200 28
silk

David
    $200 8
wasabi

David
    $200 27
(Toula: Uh, what is Moby-Dick?)

Treasure Island

Toula
Triple Stumper
    $200 26
Liverpool

Nik
    $400 18
(Ken: Yeah, hot tips for meeting [*].)
[Mild laughter]

Dr. Hannibal Lecter

David
    $400 29
cherries

David
    $400 25
(Nik: What is a belt?)

a garter

Nik
Triple Stumper
    $400 7
a worrywart

Triple Stumper
    $400 22
a trunk

Toula
    $400 24
a green card

David
    $600 17
Lose a Guy

Nik
    $600 19
the French press

Toula
    $600 9
(Toula: What is a mamba?)

a brown widow (spider)

DavidToula
    $600 6
the Whatchamacallit bar

Triple Stumper
    $600 21
a garment bag

David
    $600 23
New York (City)

David
    $800 15
(Dr. Victor) Frankenstein

David
    $800 11
roasting

Toula
    $800 1
wolf

Nik
    $800 5
(Nik: Windswept? What is windswept?)

windward

NikToula
    $800 14
Cheryl Strayed

Triple Stumper
    $800 3
Fantasy

Toula
    $1000 16
A Clockwork Orange

Nik
    $1,800 12
(Toula: What is free trade?)

fair trade

Toula
    $1000 10
a scarlet kingsnake

Triple Stumper
    $1000 4
Wanderlust

David
    $1000 13
(David: What is Disraeli?)
...
(Ken: Named for Disraeli's rival that's [*].)

a Gladstone bag

David
Triple Stumper
    $1000 2
"Give Peace A Chance"

Toula

Scores at the first commercial break (after clue 15):

David Nik Toula
$1,600 $0 $1,000

Scores at the end of the Jeopardy! Round:

David Nik Toula
$4,000 $1,400 $2,000

Double Jeopardy! Round responses

B.C.-ING YOU
BEFORE & AFTER
SENATORS
A VACATION FROM POP CULTURE
A DEEP DIVE INTO...
THE DANUBE
    $400 27
Armenia

David
    $400 18
(Ken: Yeah, I hate her; she's the worst.)
[Laughter]

Typhoid Mary Poppins

Nik
    $400 25
No Shoes

Toula
    $400 23
Vienna

Nik
    $800 26
Sophocles

Toula
    $800 12
wait until the cows come Home Depot

David
    $800 28
[The end-of-round signal sounds.]

a duel

David
    $800 24
(Ken: That's right with less than a minute to play.)

the Go-Go's

Toula
    $800 22
Tarzan

David
    $800 21
the Black Forest

David
    $2,000 5
[David pumps his fist.]

the Punic Wars

David
    $1200 11
2 by 4/20

Nik
    $1200 6
Warren

Nik
    $1200 3
White Lotus

Toula
    $1200 13
(Toula: What is angina?)

ACE inhibitors

Toula
Triple Stumper
    $1200 16
(David: What is Slovenia?)
(Toula: What is Albania?)
...
(Ken: Nik?)
(Nik: I'll leave it alone.)

Croatia

DavidToula
Triple Stumper
    $1600 4
the Han Dynasty

David
    $1600 9
Caesar's Palace of Versailles

David
    $1600 7
the Civil Rights Act

David
    $1600 2
"Holiday Road"

Nik
    $1600 14
(Ken: David the lawyer.)
(David: What is [*]?)

breach

David
    $2,000 15
[David pumps his fist again.]

the Carpathians

David
    $2000 10
Xerxes

Nik
    $2000 19
(David: What is ground control + Alt + Delete?)
...
(Ken: We were looking for [*], although points for creativity, David.)

Air Force Quit

David
Triple Stumper
    $2000 8
(Ted) Stevens

Nik
    $2000 1
The Way Way Back

Triple Stumper
    $2000 20
fenugreek

Triple Stumper
    $2000 17
(Ken: That's right, the former Moldavia.)

Moldova

Toula

Scores at the end of the Double Jeopardy! Round:

David Nik Toula
$14,800 $10,200 $4,800

[wagering suggestions for these scores]

Final Jeopardy! Round responses

19th CENTURY BRITISH POEMS
(Ken: [To Toula] What is "Don JOO-in" as Byron would have pronounced it... the famous libertine could have ended in marriage or in Hell.)
ToulaWhat is Don Juan? [a letter or two scratched out]
$4,790
NikWhat R Ode to a Gre Rime of the Ancient Mariner [smiley face of eyes and mouth]
$599
DavidWhat is Leviathan?
$5,601
Don Juan

Final scores:

David Nik Toula
$9,199 $9,601 $9,590
3rd place: $1,000 New champion: $9,601 2nd place: $2,000

Game dynamics:

Coryat scores:

David Nik Toula
$13,600 $10,200 $6,600
21 R
(including 2 DDs),
4 W
11 R,
2 W
12 R,
5 W
(including 1 DD)

Combined Coryat: $30,400

[game clues] [game scores] [suggest correction]

Game tape date: 2023-05-18
The J! Archive is created by fans, for fans. Scraping, republication, monetization, and malicious use prohibited; this site may use cookies and collect identifying information. See terms. The Jeopardy! game show and all elements thereof, including but not limited to copyright and trademark thereto, are the property of Jeopardy Productions, Inc. and are protected under law. This website is not affiliated with, sponsored by, or operated by Jeopardy Productions, Inc. Join the discussion at JBoard.tv.